| 000 | 00424nam a2200157Ia 4500 | ||
|---|---|---|---|
| 008 | 230917s9999||||xx |||||||||||||| ||und|| | ||
| 040 |
_e84225 _aMAIN |
||
| 041 | _aEnglish | ||
| 082 | _a150 A78Q | ||
| 100 | _aAssociation of Indian Universities | ||
| 245 | 0 | _aQuestion bank book series: Psychology | |
| 250 | _a3rd ed. | ||
| 260 |
_aNew Delhi _bAssociation of Indian Universities _c1985 |
||
| 300 | _a596 p. | ||
| 942 | _cBK | ||
| 999 |
_c70202 _d70202 |
||